Countries Visited by JFK Quiz Stats

Quiz Updated May 29, 2015

Challenge
Share
Tweet
Embed
Score 0/15 Timer 04:00
0 Plays Today
Date Country % Correct
December 18-21, 1962United Kingdom/The Bahamas
98%
June 4-5, 1961United Kingdom
97.4%
December 21-22, 1961United Kingdom
97.4%
June 29-30, 1963United Kingdom
97.4%
June 23-26, 1963Federal Republic of Germany
95.8%
June 29-July 1, 1962Mexico
92.9%
May 31-June 3, 1961France
91.9%
May 16-18, 1961Canada
90.3%
Date Country % Correct
June 26-29, 1963Ireland
89.2%
July 1-2, 1963Italy
88.1%
July 2, 1963Vatican City
82.6%
March 18-20, 1963Costa Rica
55.1%
December 17, 1961Colombia
54.9%
December 16-17, 1961Venezuela
49.1%
June 3-4, 1961Austria
46.2%

You're not logged in!

Compare scores with friends on all Sporcle quizzes.
Sign Up with Email
OR
Log In

You Might Also Like...

Show Comments

Extras

Top Quizzes Today


Score Distribution

Your Account Isn't Verified!

In order to create a playlist on Sporcle, you need to verify the email address you used during registration. Go to your Sporcle Settings to finish the process.